| 000 | 00405nam a2200133Ia 4500 | ||
|---|---|---|---|
| 008 | 211109s9999||||xx |||||||||||||| ||und|| | ||
| 082 |
_a894.8123 _bTHA-S |
||
| 100 | _aThakkoor, Jenardhanan | ||
| 245 | 0 | _aSanjay Muthal Ruksana Vare | |
| 260 |
_bCurrent Books _aKottayam Bn 795 |
||
| 630 | _xGENERAL STACK | ||
| 650 |
_aMalayalam Literature _vMalayalam Fiction _xMalaualam NovelShort Stories |
||
| 942 | _cBOOK | ||
| 999 |
_c41778 _d41778 |
||